Memoria sobre el estado de la renta de aduanas / (Record no. 186952)

MARC details
000 -LEADER
campo de control de longitud fija 01047nas a2200289 i 4500
001 - NÚMERO DE CONTROL
campo de control 186952
003 - IDENTIFICADOR DE NÚMERO DE CONTROL
campo de control ES-MaACL
005 - FECHA Y HORA DE LA ÚLTIMA TRANSACCIÓN
campo de control 20250809012710.0
008 - DATOS DE LONGITUD FIJA--INFORMACIÓN GENERAL
campo de control de longitud fija 170308d18971923sp ar m | |spa d
022 ## - NÚMERO INTERNACIONAL NORMALIZADO PARA PUBLICACIONES SERIADAS
Número Internacional Normalizado para Publicaciones Seriadas 1887-9233
080 ## - NÚMERO DE LA CLASIFICACIÓN DECIMAL UNIVERSAL
Número de la Clasificación Decimal Universal 339.543.3(460)(061.22)
110 1# - ENTRADA PRINCIPAL--NOMBRE DE ENTIDAD CORPORATIVA
Nombre de entidad corporativa o nombre de jurisdicción como elemento de entrada España.
Unidad subordinada Dirección General de Aduanas.
9 (RLIN) 166270
245 10 - MENCIÓN DEL TÍTULO
Título Memoria sobre el estado de la renta de aduanas /
Mención de responsabilidad, etc. Dirección General de Aduanas.
260 ## - PUBLICACIÓN, DISTRIBUCIÓN, ETC.
Lugar de publicación, distribución, etc. Madrid :
Nombre del editor, distribuidor, etc. Dirección General de Aduanas,
Fecha de publicación, distribución, etc. [1897-1923]
300 ## - DESCRIPCIÓN FÍSICA
Extensión v. ;
Dimensiones 27 y 30 cm.
310 ## - PERIODICIDAD ACTUAL
Periodicidad actual Anual
650 #7 - PUNTO DE ACCESO ADICIONAL DE MATERIA--TÉRMINO DE MATERIA
Término de materia o nombre geográfico como elemento de entrada Aduanas-
Subdivisión geográfica España
Fuente del encabezamiento o término
9 (RLIN) 141614
650 #7 - PUNTO DE ACCESO ADICIONAL DE MATERIA--TÉRMINO DE MATERIA
Término de materia o nombre geográfico como elemento de entrada Aranceles de aduanas-
Subdivisión geográfica España
Fuente del encabezamiento o término
9 (RLIN) 155364
852 4# - LOCALIZACIÓN
Ubicación ES-MaACL
Número de control de estantería T-783-F-1-2
Nota libre (1897-98)
852 4# - LOCALIZACIÓN
Ubicación ES-MaACL
Número de control de estantería T-988-F-6-8
Nota libre (1899-1901)
852 4# - LOCALIZACIÓN
Ubicación ES-MaACL
Número de control de estantería T-1024-F-5
Nota libre (1902)
852 4# - LOCALIZACIÓN
Ubicación ES-MaACL
Número de control de estantería T-1323-F-3
Nota libre (1911)
852 4# - LOCALIZACIÓN
Ubicación ES-MaACL
Número de control de estantería 1539-F-1
Nota libre (1916)
852 4# - LOCALIZACIÓN
Ubicación ES-MaACL
Número de control de estantería 1678-F-13
Nota libre (1923)
866 #0 - MENCIÓN TEXTUAL DE FONDOS--UNIDAD BIBLIOGRÁFICA BÁSICA
Fondos 1897-1902, 1911, 1916, 1923.
Holdings
Estatus retirado Estado de pérdida Estado de daño No para préstamo Colección Biblioteca de origen Biblioteca actual Ubicación en estantería Fecha de adquisición Fuente de adquisición Total de préstamos Signatura topográfica completa Código de barras Visto por última vez Precio de reemplazo Tipo de ítem Koha
        Colección de folletos Biblioteca del Ateneo de Madrid Biblioteca del Ateneo de Madrid Depósito folletos 08/03/2017     1539-F-1 1197205 23/02/2023 23/02/2023 Folleto
        Colección de folletos Biblioteca del Ateneo de Madrid Biblioteca del Ateneo de Madrid Depósito folletos 21/11/2017     T-783-F-1-2 1198075 23/02/2023 23/02/2023 Folleto
        Colección de folletos Biblioteca del Ateneo de Madrid Biblioteca del Ateneo de Madrid Depósito folletos 08/03/2017     1678-F-13 1197201 23/02/2023 23/02/2023 Folleto
        Colección de folletos Biblioteca del Ateneo de Madrid Biblioteca del Ateneo de Madrid Depósito folletos 08/03/2017     T-1323-F-3 1197202 23/02/2023 23/02/2023 Folleto
        Colección de folletos Biblioteca del Ateneo de Madrid Biblioteca del Ateneo de Madrid Depósito folletos 08/03/2017     T-1024-F-5 1197203 23/02/2023 23/02/2023 Folleto
        Colección de folletos Biblioteca del Ateneo de Madrid Biblioteca del Ateneo de Madrid Depósito folletos 08/03/2017     T-988-F-6-8 1197204 23/02/2023 23/02/2023 Folleto